000 00501nam a2200193Ia 4500
003 OSt
005 20241127101848.0
008 210716s2015 xx 000 0 und d
020 _a9788120350328
040 _cAIMIT LIBRARY
041 _aeng
082 _a332.12 MURD
100 _aMuraleedharan, D.
_9186749
245 _aModern banking: theory and practice /
_cBy D Muraleedharan.
250 _a2
260 _aNew Delhi
_bPHI Learning Pvt Ltd
_c2015
300 _axxiv,452
942 _2ddc
_cBK
999 _c209872
_d209872